00535 2200193 4500001002100000005001500021035002000036007000300056008004100059020001800100082001000118084001600128100002000144245004800164250001100212260006600223300004200289650001000331INLIS00000000000031120231227090809 a0010-1223000041ta231227 g 0 ind  a979-8304-14-4 a635.6 a635.6 ATI t0 aAti Srie Duriat1 aTeknologi Produksi Tomat /cAti Srie Duriat aCet. 1 aBandung :bBadan Penelitian dan Pengembangan Pertanian,c1997 ax, 145 hlm, :bilus, ;c17 cm x 25 cm 4aTomat